MARC details
| 000 -CABECERA |
| campo de control de longitud fija |
01536cam a2200397 i 4500 |
| 001 - NÚMERO DE CONTROL |
| campo de control |
000003301 |
| 003 - IDENTIFICADOR DEL NÚMERO DE CONTROL |
| campo de control |
DO-SdBNP |
| 005 - FECHA Y HORA DE LA ÚLTIMA TRANSACCIÓN |
| campo de control |
20231004085114.0 |
| 007 - CAMPO FIJO DE DESCRIPCIÓN FÍSICA--INFORMACIÓN GENERAL |
| campo de control de longitud fija |
ta |
| 008 - DATOS DE LONGITUD FIJA--INFORMACIÓN GENERAL |
| campo de control de longitud fija |
090707s2006 dr 001 0 spa d |
| 020 ## - NÚMERO INTERNACIONAL ESTÁNDAR DEL LIBRO |
| Número Internacional Estándar del Libro |
9945415093 |
| 040 ## - FUENTE DE LA CATALOGACIÓN |
| Centro catalogador/agencia de origen |
DO-SdBNP |
| Lengua de catalogación |
spa |
| Centro/agencia transcriptor |
BNPHU |
| Normas de descripción |
rda |
| 049 ## - FONDOS LOCALES (OCLC) |
| Fondos de biblioteca |
BNPD |
| 082 #4 - NÚMERO DE LA CLASIFICACIÓN DECIMAL DEWEY |
| Número de clasificación |
338.9 |
| Número de documento/Ítem |
D449m |
| Número de edición |
22 |
| 245 00 - MENCIÓN DE TÍTULO |
| Título |
Desde los márgenes de la sociedad : |
| Resto del título |
remesas, subsidios y trabajo infantil / |
| Mención de responsabilidad, etc. |
Carmen Julia gómez Carrasco, Rita Mena Peguero, Marina Ortiz, José Miguel Santos, Mario Serrano, Edgar A. Victoria Yeb |
| 264 ## - PRODUCCIÓN, PUBLICACIÓN, DISTRIBUCIÓN, FABRICACIÓN Y COPYRIGHT |
| Producción, publicación, distribución, fabricación y copyright |
Santo Domingo : |
| Nombre del de productor, editor, distribuidor, fabricante |
Fundación Friedrich Ebert : |
| -- |
Pontificia Universidad Católica Madre y Maestra, |
| Fecha de producción, publicación, distribución, fabricación o copyright |
2006. |
| 300 ## - DESCRIPCIÓN FÍSICA |
| Extensión |
172 p.áginas : |
| Otras características físicas |
ilustraciones ; |
| Dimensiones |
22 cm. |
| 336 ## - TIPO DE CONTENIDO |
| Fuente |
rdacontent |
| Término de tipo de contenido |
texto |
| Código de tipo de contenido |
txt |
| 337 ## - TIPO DE MEDIO |
| Fuente |
rdamedia |
| Nombre/término del tipo de medio |
sin mediación |
| Código del tipo de medio |
n |
| 338 ## - TIPO DE SOPORTE |
| Fuente |
rdacarrier |
| Nombre/término del tipo de soporte |
volumen |
| Código del tipo de soporte |
nc |
| 490 ## - MENCIÓN DE SERIE |
| Mención de serie |
Foro Políticas Sociales y Bienestar |
| Designación de volumen o secuencia |
5 |
| 500 ## - NOTA GENERAL |
| Nota general |
Incluye índice |
| 500 ## - NOTA GENERAL |
| Nota general |
Incluye referencias bibliográficas y notas al pie de las páginas |
| 590 ## - NOTA LOCAL (RLIN) |
| Nota local |
Inventariado, 2023/BT |
| 650 #4 - PUNTO DE ACCESO ADICIONAL DE MATERIA--TÉRMINO DE MATERIA |
| Término de materia o nombre geográfico como elemento de entrada |
Remesas |
| Subdivisión geográfica |
República Dominicana |
| 9 (RLIN) |
10381 |
| 650 #4 - PUNTO DE ACCESO ADICIONAL DE MATERIA--TÉRMINO DE MATERIA |
| Término de materia o nombre geográfico como elemento de entrada |
Trabajo infantil |
| Subdivisión geográfica |
República Dominicana |
| 9 (RLIN) |
8549 |
| 651 #4 - PUNTO DE ACCESO ADICIONAL DE MATERIA--NOMBRE GEOGRÁFICO |
| Nombre geográfico |
República Dominicana |
| Subdivisión general |
Condiciones económicas |
| 9 (RLIN) |
281 |
| 700 1# - PUNTO DE ACCESO ADICIONAL--NOMBRE DE PERSONA |
| Nombre de persona |
Mena Peguero, Rita |
| 9 (RLIN) |
10382 |
| 700 1# - PUNTO DE ACCESO ADICIONAL--NOMBRE DE PERSONA |
| Nombre de persona |
Gómez Carrasco, Carmen Julia |
| 9 (RLIN) |
8553 |
| 700 1# - PUNTO DE ACCESO ADICIONAL--NOMBRE DE PERSONA |
| Nombre de persona |
Ortiz, Marina |
| 9 (RLIN) |
10383 |
| 700 1# - PUNTO DE ACCESO ADICIONAL--NOMBRE DE PERSONA |
| Nombre de persona |
Santos, José Miguel |
| 9 (RLIN) |
10384 |
| 700 1# - PUNTO DE ACCESO ADICIONAL--NOMBRE DE PERSONA |
| Nombre de persona |
Serrano, Mario |
| 9 (RLIN) |
10385 |
| 700 1# - PUNTO DE ACCESO ADICIONAL--NOMBRE DE PERSONA |
| Nombre de persona |
Victora Yeb, Edgar A. |
| 9 (RLIN) |
10386 |
| 910 ## - DATOS DE OPCIÓN DEL USUARIO (OCLC) |
| Datos de opción del usuario |
Btavárez |
| 942 ## - ELEMENTOS DE PUNTO DE ACCESO ADICIONAL (KOHA) |
| Fuente del sistema de clasificación o colocación |
Dewey Decimal Classification |
| Tipo de ítem Koha |
Libro |